| 000 | 00592nam a2200229Ia 4500 | ||
|---|---|---|---|
| 003 | OSt | ||
| 005 | 20220928145604.0 | ||
| 006 | a|||||r|||| 00| 0 | ||
| 007 | ta | ||
| 008 | 220927b |||||||| |||| 00| 0 eng d | ||
| 024 | _a81275 | ||
| 037 | _cTextual | ||
| 040 |
_aSDCL _cSDCL _beng |
||
| 041 |
_2eng _aeng |
||
| 082 | _aS0bZ,94, L8 | ||
| 100 |
_aClifford Brian R _9513487 |
||
| 245 | 0 | _aPsychology of person identification | |
| 260 | _c1978 | ||
| 700 |
_a Bull Ray _9513488 |
||
| 942 |
_hS0bZ,94, L8 _cTEXL _2CC |
||
| 999 |
_c834136 _d834136 |
||